Statistiques concernant Les animaux en "P"

Cliquez ici pour prendre le quiz!

Statistiques générales

  • Ce quiz a été pris 4 698 fois
    (3 946 depuis la dernière actualisation)
  • Le résultat moyen est 15 sur 37

Statistiques - réponses

Réponse% Correct
Pou
86%
Poule
79%
Paon
68%
Pie
65%
Panthere
64%
Panda
61%
Porc
56%
Perroquet
52%
Pingouin
52%
Puma
48%
Papillon
47%
Pigeon
47%
Puce
45%
Python
42%
Pangolin
41%
Phacochere
39%
Phoque
39%
Pieuvre
38%
Poulpe
38%
Paresseux
35%
Pelican
35%
Perruche
34%
Putois
33%
Pintade
30%
Porc-epic
30%
Panda roux
29%
Phasme
29%
Piranha
29%
Poney
29%
Pic-vert
27%
Punaise
27%
Pinson
25%
Perdrix
23%
Puceron
18%
Pince oreille
13%
Plancton
10%
Passereau
8%

Distribution des résultats

Percentile par nombre de réponses

% des personnes avec chaque résultat

Votre développement - résultats

Vous n’avez pas pris ce quiz depuis la dernière actualisation